000 003050000a22001450004500
003 MACL
040 _aMACL
090 _c5753
_d5752
100 _aScott, David C.
245 _aKabir Mythology
260 _bBharatiya Vidya Prakashan
_c1985
350 _a150
650 _aReligion
942 _cBOOK
_k294.572
999 _c5710
_d5710